000
00277nam a22001217a 4500
008
180314b xxu||||| |||| 00| 0 eng d
041
_a
eng
080
_a
574
100
_a
9
101
_a
mje
245
_a
dairy systems foe the 21 st century
_c
bucklin.r
942
_2
udc
_c
BK
999
_c
44942
_d
44942